| 000 | 00475nam a2200169 i 4500 | ||
|---|---|---|---|
| 001 | 150451 | ||
| 003 | ES-MaACL | ||
| 005 | 20230906203523.0 | ||
| 007 | t| | ||
| 008 | 071030s1922 sp ||||1| spa d | ||
| 100 | 1 |
_aValera, Carmen. _9112635 |
|
| 245 | 1 | 0 |
_aHistoria de mi pleito / _cCarmen Valera. |
| 260 |
_aMadrid : _b[s.n.], _c1922 ( _fImp. "Cinema") |
||
| 300 |
_a48 p. ; _c21 cm. |
||
| 650 | 4 |
_aProcesos- _zEspaƱa- _y1902-1931. _9158909 |
|
| 852 |
_aES-MaACL _j1635-F-8 |
||
| 999 |
_c150451 _d150451 |
||